| 000 | 008060000a22001810004500 | ||
|---|---|---|---|
| 001 | 46 | ||
| 020 | _a84-01-60156-8 | ||
| 041 | 0 | _aSPA | |
| 082 | 0 | 4 | _aR 130 H899e |
| 100 | 1 | _aHuisman, Denis | |
| 245 | 1 | 0 | _aEnciclopedia de la psicología / Denis Huisman, Director; J. Ferrer Aleu, Traductor. |
| 260 | _aBarcelona, España : Plaza y Janés | ||
| 300 | _a397 Pag. | ||
| 500 | _aTítulo original en inglés : Psychologie | ||
| 505 | 0 | 0 | _aVol. 1 Psicología general. Vol. 2 Psicología de la vida familiar. Vol. 3 Psicología y pedagogía. Vol. 4 Psicoanálisis y psicología medica. Vol. 5 Psicología social. Vol. 6 Parapsicología. Vol. 7 Psicología y ética de la empresa (tomo 1) Vol. 8 Psicología y ética de la empresa (tomo 2) |
| 650 | 1 | 4 | _aPSICOLOGIA \ ENCICLOPEDIAS Y DICCIONARIOS |
| 942 | _cBK | ||
| 999 |
_c31602 _d31602 |
||